Duchovní odkaz husitství

Bibliographic Details
Main Author: Krofta, Kamil, 1876-1945 (Author)
Format: Book
Language:Undetermined
PhysicalDescription:293 s.
Published: Praha Nakladatelství Svoboda 1946
Edition:1. vyd.

MARC

LEADER 00000nam a2200000 a 4500
001 vtls001457637
003 SK-MaSNL
005 20260301150239.0
008 240313s1946 xx 0 und
035 |a SNK000412944 
040 |a SNK  |b slo  |c SNK  |e AACR2 
100 1 |a Krofta, Kamil,  |d 1876-1945  |4 aut  |9 109064 
245 1 |a Duchovní odkaz husitství 
250 |a 1. vyd. 
260 |a Praha  |b Nakladatelství Svoboda  |c 1946 
300 |a 293 s. 
999 |c 782889  |d 784819 
952 |a SNK  |b SNK  |y NEVYP  |7 0  |p 17A0418724  |o snkIC 24320 D1  |3 na spracovanie  |0 0  |1 1  |4 0  |d 2008-11-25  |l 0  |r 2026-02-24 01:10:16  |w 2026-02-24 
952 |a SNK  |b SNK  |y VYP  |7 0  |p 17A0390703  |o snkIC 24320   |i snkKIK 813/59  |8 3  |0 0  |1 0  |4 0  |d 2003-07-31  |l 0  |r 2005-01-02 00:00:00  |w 2026-02-24